| 000 | 00855nam a2200241Ia 4500 | ||
|---|---|---|---|
| 003 | PE SENCICO BE | ||
| 005 | 20251020182439.0 | ||
| 008 | 200515s9999 xx 000 0 und d | ||
| 040 |
_aPE SENCICO BE _cPE SENCICO BE |
||
| 041 | _aspa | ||
| 082 |
_a526.9 _bM77R 1969 |
||
| 100 | 1 |
_aMontes de Oca, Miguel _93244 _eautor |
|
| 245 | 1 | 0 |
_aTopografía / _cMiguel Montes de Oca |
| 250 | _a4a ed. | ||
| 260 |
_aMéxico, D.F. : _bRepresentaciones y Servicios de Ingeniería, _c1976 |
||
| 300 |
_a343 páginas : _bilustraciones, tablas, gráficos, mapas ; _c23 cm. |
||
| 504 | _aBibliografía: p. 343. | ||
| 505 | 0 | _aPlanimetría -- Altimetría o control vertical -- Planimetría y altimetría simultáneas -- Orientaciones astronómicas | |
| 650 | 1 | 0 |
_aTopografía _94 |
| 650 | 2 | 0 |
_aPlanimetría _91232 |
| 650 | 2 | 0 |
_aAltimetría _93228 |
| 942 |
_cLIB _2ddc |
||
| 999 |
_c486 _d486 |
||